000 00699nam a2200217 a 4500
001 14107
003 BD-JhCC
005 20241210123343.0
008 171230b2024 bg |||| ||a| 000 0 ben d
035 _a(BD-JhCC)14107
040 _aBD-JhCC
_dBD-JhCC
041 _abengali
082 _a920
_bSAL 2024
100 _a সালমান,মোবারক
245 _aবিশ্বের শ্রেষ্ঠ ১০০ মুসলিম মনীষীর জীবনী /
_cমোবারক সালমান ।
260 _aDhaka :
_bআল-মক্কা বুক হাউস;
_c2024.
300 _a288 p. :
_c22 cm.
650 _aBiography.
942 _2ddc
_cBK
999 _c14107
_d14107